000 00484pab a2200205 454500
008 180718b2012 xxu||||| |||| 00| 0 eng d
100 _aNixon, Judy
245 _aPractitioner's constructions of parent abuse
260 _c2012
300 _ap.229-239.
362 _aApr
650 _aDomestic violence
650 _aParents
650 _aYouth
650 _aChild welfare
650 _aChild abuse
773 _aSocial Policy and Society
908 _aN
909 _a97240
999 _c97240
_d97240